书目信息 |
| 题名: |
剑桥商务英语证书1级考试指导
|
|
| 作者: | 翁凤翔 主编 ;周洁 , 王建开 , 宋琼 编 | |
| 分册: | ||
| 出版信息: | 上海 上海交通大学出版社 2002 |
|
| 页数: | 138页 | |
| 开本: | 26cm | |
| 丛书名: | BEC考试辅导丛书 | |
| 单 册: | ||
| 中图分类: | H310.41 | |
| 科图分类: | ||
| 主题词: | 商务--shang wu , 英语--ying yu , 商务--shang wu--英语--考核--自学参考资料 | |
| 电子资源: | ||
| ISBN: | 7-313-03021-5 | |
| 000 | 01250nam 2200325 450 | |
| 001 | CAL 012006006780 | |
| 005 | 20061114104207.46 | |
| 010 | @a7-313-03021-5@dCNY13.00 | |
| 100 | @a20061012d2002 em y0chiy0120 ea | |
| 101 | 0 | @achi@aeng |
| 102 | @aCN@b310000 | |
| 105 | @ay zq 000yy | |
| 200 | 1 | @a剑桥商务英语证书1级考试指导@Ajian qiao shang wu ying yu zheng shu 1 ji kao shi zhi dao@f翁凤翔主编@g周洁, 王建开, 宋琼编 |
| 210 | @a上海@c上海交通大学出版社@d2002 | |
| 215 | @a138页@d26cm | |
| 225 | 2 | @aBEC考试辅导丛书@ABEC kao shi fu dao cong shu |
| 314 | @a翁凤翔, 硕士, 上海海运学院副教授, 曾赴英国为访问学者。 | |
| 330 | @a本书讲授了参加剑桥商务英语证书1级考试的应试技巧, 介绍了2002年最新的考试题型及所作的题型改变, 指导了答题关键, 并给出了6套模拟试题。 | |
| 410 | 0 | @12001 @aBEC考试辅导丛书 |
| 540 | 1 | @a商务英语证书1级考试指导@Ashang wu ying yu zheng shu 1 ji kao shi zhi dao |
| 606 | 0 | @a商务@Ashang wu |
| 606 | 0 | @a英语@Aying yu |
| 606 | 0 | @a商务@Ashang wu@x英语@x考核@j自学参考资料 |
| 690 | @aH310.41@v4 | |
| 701 | 0 | @a翁凤翔@Aweng feng xiang@4主编 |
| 702 | 0 | @a周洁@Azhou jie@4编 |
| 702 | 0 | @a王建开@Awang jian kai@4编 |
| 702 | 0 | @a宋琼@Asong qiong@4编 |
| 801 | 0 | @aCN@c20061114 |
| 905 | @a10447@dH310.41@eW690 | |
| 剑桥商务英语证书1级考试指导/翁凤翔主编/周洁, 王建开, 宋琼编.-上海:上海交通大学出版社,2002 |
| 138页;26cm.-(BEC考试辅导丛书) |
| ISBN 7-313-03021-5:CNY13.00 |
| 本书讲授了参加剑桥商务英语证书1级考试的应试技巧, 介绍了2002年最新的考试题型及所作的题型改变, 指导了答题关键, 并给出了6套模拟试题。 |
| ● |
| 相关链接 |
|
|
|
正题名:剑桥商务英语证书1级考试指导
索取号:H310.41/W690
 
预约/预借
| 序号 | 登录号 | 条形码 | 馆藏地/架位号 | 状态 | 备注 |
| 1 | 636189 | 206361890 | 语言库209/209语言库 95排3列6层/ [索取号:H310.41/W690] | 在馆 | |
| 2 | 636190 | 206361907 | 语言库209/209语言库 95排3列6层/ [索取号:H310.41/W690] | 在馆 | |
| 3 | 636191 | 206361916 | 语言库209/209语言库 95排3列6层/ [索取号:H310.41/W690] | 在馆 |